Právní rádce nájemníka /

Main Author: Bičovský, Jaroslav, 1910-1996
Language: Czech
Published: Praha : Práce, 1975
Edition: 2., dopl. vyd.
Series: Právní poradna Práce
Online Access: Digitalizovaný dokument
Physical Description: 235, [2] s. ; 8°
Book
Saved in:
LEADER 01245nam a22003252a 4500
001 000783524
003 CZ BrMZK
005 20151203064858.0
007 ta
008 050722s1975 xr er|||||||||||cze d
015 |a cnb000119080 
040 |a ABA001  |b cze  |c LIA001  |d ABA001  |d BOA001 
080 |a 347.453.3(437)(094.4)  |2 undef 
100 1 |a Bičovský, Jaroslav,  |d 1910-1996  |7 jk01012014  |4 aut 
245 1 0 |a Právní rádce nájemníka /  |c Jaroslav Bičovský 
250 |a 2., dopl. vyd. 
260 |a Praha :  |b Práce,  |c 1975 
300 |a 235, [2] s. ;  |c 8° 
490 1 |a Právní poradna Práce ;  |v sv. 6 
500 |a 10000 výt. 
500 |a vzory listin 
504 |a Obsahuje bibliografii a rejstřík 
500 |a Dostupné též v digitální podobě v aplikaci Kramerius 
830 0 |a Právní poradna Práce 
856 4 1 |u http://www.digitalniknihovna.cz/mzk/uuid/uuid:7dafa580-99bd-11e5-a715-005056827e52  |y Digitalizovaný dokument  |x NDK 
910 |a BOA001  |b TK-0178.643  |b 1-0647.920-75 
990 |a BK 
991 |b 200507 
996 6 |b 2619494855  |c 1-0647.920-75  |l MZK  |r Sklad / do 1 hodiny  |n 0  |w 000783524  |u 000020  |a 1  |e BOA001  |j MZK50  |s P 
996 7 |b 2629955466  |c TK-0178.643  |l MZK  |r Sklad / do 24 hodin  |n 0  |w 000783524  |u 000010  |a 1  |e BOA001  |j MZK50  |s A